00471nam a2200133Ia 4500008004100000020001800041100003300059245008000092260002000172650001200192856004100204999001900245952007300264171212s9999 xx 000 0 und d a9781910634936 aGezelle, Guido;Vincent, Paul cGezelle, Guido;Vincent, PaulaPoems of Guido GezellebA Bilingual Anthology bUCL Pressc2016 aHistory uhttp://jstor.org/stable/j.ctt1hd189w c352881d352881 001040aCLbCLd2017-12-12l0r2017-12-12 00:00:00w2017-12-12yCBE